[Event "IND-ch U11 Girls 37th"]
[Site "Hyderabad"]
[Date "2024.10.10"]
[Round "11"]
[White "Shreya, Rajesh"]
[Black "Dheekshika, G."]
[Result "1-0"]
[WhiteElo "1601"]
[BlackElo "1573"]
[PlyCount "71"]
[EventDate "2024.10.04"]
[EventType "swiss"]
[EventRounds "11"]
[EventCountry "IND"]
[SourceTitle "CB47_2024"]
[SourceDate "2024.11.20"]
[SourceVersion "1"]
[SourceVersionDate "2024.11.20"]
[SourceQuality "1"]

1. e4 e5 2. Nf3 Nc6 3. d4 exd4 4. Bc4 Bc5 5. c3 Nf6 6. b4 Bb6 7. e5 d5 8. exf6 dxc4 9. Qe2+ Be6 10. b5 d3 11. Qe4 Na5 12. fxg7 Rg8 13. Bg5 Qd5 14. Qxh7 Kd7 15. 0-0 Bf5 16. Qh6 Rae8 17. Nbd2 Qxb5 18. Rae1 Kc8 19. Rxe8+ Qxe8 20. Re1 Be6 21. Ne4 f5 22. Nf6 Qf7 23. Nxg8 Qxg8 24. Qxe6+ Qxe6 25. Rxe6 Bxf2+ 26. Kxf2 b6 27. g8Q+ Kb7 28. Re8 Nc6 29. Qd5 d2 30. Nxd2 f4 31. Re6 a5 32. Qxc6+ Ka6 33. Qxc4+ Kb7 34. Re7 a4 35. Rxc7+ Ka8 36. Qg8# 1-0